| 000 | 00777nam a2200241 a 4500 | ||
|---|---|---|---|
| 001 | 000022147 | ||
| 003 | DO-SdBNP | ||
| 005 | 20250227073854.0 | ||
| 007 | ta | ||
| 008 | 100917s1985 dr ac 001 0 spa d | ||
| 040 |
_aDO-SdBNP _bspa _cBNPHU |
||
| 049 | _aBNPD | ||
| 082 | 4 |
_bV422n _222 |
|
| 100 | 1 |
_aVega, Bernardo, _d1938 - _93222 |
|
| 245 | 1 | 0 |
_aNazismo, fascismo y falangismo en la República Dominicana / _cBernardo Vega |
| 260 |
_aSanto Domingo : _bFundación Cultural Dominicana, _c1985. |
||
| 300 |
_a415 p. : _bil., retrs. ; _c27 cm. |
||
| 500 | _aIncluye datos biográficos del autor en la contracubierta | ||
| 500 | _aIncluye índice onomástico | ||
| 590 | _aInventariado, 2022/BT | ||
| 700 | 1 |
_aAlcántara Almánzar, José _d1946- _97018 |
|
| 942 |
_2ddc _cLBS1 |
||
| 999 |
_c21645 _d21645 |
||